Fußball: Trainerstationen von Bruno Labbadia - Statistiken

Allgemein
  • Dieses Quiz wurde 488 mal gespielt
  • Das Durchschnittsergebnis liegt bei 6 aus 9
Antwortstatistiken
Zeitraum Verein % Korrekt
2010 – 2013 VfB Stuttgart
95%
2022 – 2023 VfB Stuttgart
95%
2009 – 2010 Hamburger SV
92%
2015 – 2016 Hamburger SV
92%
2020 – 2021 Hertha BSC
84%
2018 – 2019 VfL Wolfsburg
82%
2008 – 2009 Bayer Leverkusen
49%
2003 – 2006 SV Darmstadt 98
28%
2007 – 2008 SpVgg Greuther Fürth
25%
Keine übereinstimmenden Quizze gefunden
Verteilung der Resultate
Anzahl Personen mit jedem Resultat
Perzentil nach korrekt beantworteten Fragen
Ihre Resultats-Entwicklung
Sie haben dieses Quiz noch nicht gespielt